Normas especiales de arrendamiento de predios urbanos
Sparad:
| Huvudupphovsman: | |
|---|---|
| Materialtyp: | Bok |
| Språk: | spanska |
| Publicerad: |
Santiago
Jurídica de Chile
1982
|
| Serie: | Populares
|
| Ämnen: | |
| Taggar: |
Lägg till en tagg
Inga taggar, Lägg till första taggen!
|
MARC
| LEADER | 00000nam a2200000 a 4500 | ||
|---|---|---|---|
| 001 | UCY1221 | ||
| 003 | CL-VaPUC | ||
| 008 | 940824e19820000CL |||||||||||||||||spa|d | ||
| 082 | 0 | 4 | |a 346.043 |b CEL |2 21 |
| 100 | 0 | |a Célis Rodríguez, Rubén |e author |9 329154 | |
| 245 | 1 | 0 | |a Normas especiales de arrendamiento de predios urbanos |
| 246 | 1 | 0 | |a Ley 18.101 |
| 300 | |a 87 p | ||
| 942 | |c BK | ||
| 945 | |d 19940824 00:00:00 |a aalvarez | ||
| 260 | |a Santiago |b Jurídica de Chile |c 1982 | ||
| 650 | 0 | |a Arrendamiento |v Aspectos jurídicos |9 329155 | |
| 651 | 7 | |a CHILE |2 CL-VaPUC |9 329156 | |
| 583 | |a last modification |c 19940824 00:00:00 |k Rodrigo Vera | ||
| 490 | 0 | |a Populares | |
| 999 | |c 229996 |d 229994 | ||
| 952 | |0 0 |1 0 |2 ddc |4 0 |6 346_043000000000000_CEL_1982 |7 0 |8 A |9 231795 |a BIBDER |b BIBDER |d 2019-11-15 |i 3012271 |o 346.043 CEL 1982 |p 3012271 |r 2023-01-25 |w 2019-11-15 |y MX |k DER | ||